Neviditelná a zákeřná šikana

Narušovanie vzťahov na pracovisku. Rôzne podoby šikanovania pracovníkov. Mobbing, bossing a bullying. Pôda pre mobbing. Príčiny mobbingu.

Saved in:
Bibliographic Details
Main Author: Patočka, Otakar
Format: Book Chapter
Language:Czech
Subjects:
Tags: Add Tag
No Tags, Be the first to tag this record!

MARC

LEADER 00000naa$a2200000$$$4500
001 0041278
005 20231019113520.7
041 0 |a cze 
044 |a CZ 
245 1 0 |a Neviditelná a zákeřná šikana  |c Otakar Patočka 
520 |a Narušovanie vzťahov na pracovisku. Rôzne podoby šikanovania pracovníkov. Mobbing, bossing a bullying. Pôda pre mobbing. Príčiny mobbingu. 
610 2 0 |a pracovisko 
610 2 0 |a pracovníci 
610 2 0 |a nadriadení 
610 2 0 |a podriadení 
610 2 0 |a vzťahy medziľudské 
610 2 0 |a konflikty 
610 2 0 |a morálka 
610 2 0 |a povinnosti pracovníkov 
610 2 0 |a komunikácia interná 
610 2 0 |a informácie 
610 2 0 |a osobnosť 
610 2 0 |a kultúra podniková 
100 1 |a Patočka, Otakar